Music Quiz

Random Music Quiz

RETRO HITS GAME 5 Quiz Stats

Quiz not verified by Sporcle

Challenge
Share
Tweet
Embed
Score 0/100 Timer 20:00
0 Plays Today
Song Title: Act: % Correct
BarracudaHeart
96%
Let's DanceDavid Bowie
96%
The Boys are Back in TownThin Lizzy
92%
Orinoco Flow (Sail Away)Enya
88%
Rock LobsterB-52s
84%
Just a GirlNo Doubt
80%
Virtual InsanityJamiroquai
80%
Electric AvenueEddy Grant
80%
Oye Como VaSantana
80%
What is Love?Haddaway
76%
Enjoy the SilenceDepeche Mode
76%
Escape (The Pina Colada Song)Rupert Holmes
72%
Magic BusThe Who
68%
I am a RockSimon & Garfunkel
68%
TemptedSqueeze
68%
The Beat Goes OnSonny & Cher
64%
Free Your MindEn Vogue
64%
Sunny Came HomeShawn Colvin
60%
FlashQueen
60%
Beautiful StrangerMadonna
60%
Chain of FoolsAretha Franklin
60%
RockitHerbie Hancock
56%
Baby BabyAmy Grant
56%
Loves me like a RockPaul Simon
56%
Year of the CatAl Stewart
56%
Turn to StoneElectric Light Orchestra
56%
Pleasant Valley SundayThe Monkees
52%
Baby JaneRod Stewart
52%
Come UndoneDuran Duran
52%
19Paul Hardcastle
48%
Drift AwayDobie Gray
48%
Handy ManJames Taylor
48%
Can't Take my Eyes off YouFrankie Valli
48%
Alphabet St.Prince
48%
Song Title: Act: % Correct
GypsyFleetwood Mac
48%
I Can't Tell You WhyThe Eagles
44%
It Don't Come EasyRingo Starr
44%
ValotteJulian Lennon
44%
MandinkaSinead O'Connor
40%
AsStevie Wonder
40%
So Alive Love and Rockets
40%
Up on the RoofThe Drifters
40%
Take me to the PilotElton John
36%
Honey HoneyABBA
36%
You AreLionel Richie
36%
Fall on MeR.E.M.
36%
Oh Very YoungCat Stevens
36%
No Ordinary LoveSade
36%
Steal AwayRobbie Dupree
36%
Chapel of LoveThe Dixie Cups
32%
LongerDan Fogelberg
32%
Help is on its WayLittle River Band
28%
Moonlight Feels RightStarbuck
28%
Mary MaryRun -D.M.C.
28%
Silence is GoldenThe Tremeloes
28%
I Love Your SmileShanice
28%
Close to YouMaxi Priest
28%
Got to Get You into my LifeEarth, Wind and Fire
24%
Forget Me NotsPatrice Rushen
24%
Piano in the DarkBrenda Russell
24%
Got a Hold on Me Christine McVie
24%
Walking to New OrleansFats Domino
24%
Lady WriterDire Straits
24%
InsensitiveJann Arden
24%
Stop to LoveLuther Vandross
24%
Leaving me NowLevel 42
20%
Stop Her On Sight (S.O.S.)Edwin Starr
20%
You Only Live TwiceNancy Sinatra
20%
Song Title: Act: % Correct
HappinessPointer Sisters
20%
Turn Back TimeAqua
20%
(Theme from) Valley of the DollsDionne Warwick
20%
Mirror, MirrorDiana Ross
20%
Rose of CimarronPoco
16%
Arms of MarySutherland Brothers and Quiver
16%
I Want HerKeith Sweat
16%
The Love ParadeThe Dream Academy
16%
WordsMissing Persons
16%
Let's DanceChris Montez
16%
Comin' in and Out of Your LifeBarbra Streisand
16%
FakeAlexander O'Neal
16%
It's no SecretKylie Minogue
16%
Caught Out ThereKelis
16%
Last SongEdward Bear
16%
Also Sprach Zarathustra (2001)Deodato
16%
Got to Love SomebodySister Sledge
12%
Just the Way it is, BabyThe Rembrandts
12%
Don't WorryKim Appleby
12%
SensitivityRalph Tresvant
12%
Quiet StormSmokey Robinson
12%
I'm on Fire5000 Volts
12%
Mea CulpaEnigma
12%
WordsF. R. David
12%
It Should Have Been MeGladys Knight and the Pips
8%
MamaB J Thomas
8%
Pleasure and PainThe Divinyls
8%
Life in MonoMono
8%
WhodunitTavares
8%
The Swiss MaidDel Shannon
8%
Lovely OneThe Jacksons
8%
Batman ThemeNeil Hefti
8%

You're not logged in!

Compare scores with friends on all Sporcle quizzes.
Join for Free
OR
Log In

You Might Also Like...

Show Comments

Extras

Created Jul 30, 2012ReportNominate
Tags:Hit Singles, Hit Songs, retro

Top Quizzes Today


Score Distribution

Your Account Isn't Verified!

In order to create a playlist on Sporcle, you need to verify the email address you used during registration. Go to your Sporcle Settings to finish the process.

Report this User

Report this user for behavior that violates our Community Guidelines.

Details: